Flora of Micronesia. (Record no. 81672)
[ view plain ]
| 000 -LEADER | |
|---|---|
| fixed length control field | 01313cam9a220032501 4500 |
| 001 - CONTROL NUMBER | |
| control field | lce01329699 |
| 008 - FIXED-LENGTH DATA ELEMENTS--GENERAL INFORMATION | |
| fixed length control field | 810409s1980 dcub b f001 0 eng d |
| 010 ## - LIBRARY OF CONGRESS CONTROL NUMBER | |
| LC control number | gp 81011152 |
| 035 ## - SYSTEM CONTROL NUMBER | |
| System control number | (Sirsi) r37252 |
| 035 ## - SYSTEM CONTROL NUMBER | |
| System control number | (OCoLC)07320556 |
| 035 ## - SYSTEM CONTROL NUMBER | |
| System control number | (DLC)gp 81011152 |
| 035 ## - SYSTEM CONTROL NUMBER | |
| System control number | (UPRA)lce01329699 |
| 040 ## - CATALOGING SOURCE | |
| Original cataloging agency | UNA |
| Transcribing agency | UNA |
| Modifying agency | GPO |
| 043 ## - GEOGRAPHIC AREA CODE | |
| Geographic area code | pott--- |
| 050 0# - LIBRARY OF CONGRESS CALL NUMBER | |
| Classification number | QK1 |
| Item number | .S2747 no. 46 |
| 074 ## - GPO ITEM NUMBER | |
| GPO item number | 910-E |
| 086 0# - GOVERNMENT DOCUMENT CLASSIFICATION NUMBER | |
| Classification number | SI 1.29:46 |
| 100 1# - MAIN ENTRY--PERSONAL NAME | |
| Personal name | Fosberg, F. Raymond (Francis Raymond), 1908- |
| Fuller form of name | Fosberg, F. Raymond (Francis Raymond), 1908- |
| Dates associated with a name | Fosberg, F. Raymond (Francis Raymond), 1908- |
| Linkage | A99211.1 |
| 245 10 - TITLE STATEMENT | |
| Title | Flora of Micronesia. |
| Number of part/section of a work | 4. Caprifoliaceae-Compositae / |
| Name of part/section of a work | 4. Caprifoliaceae-Compositae / |
| Statement of responsibility, etc. | F. Raymond Fosberg and Marie-Helene Sachet. |
| 260 ## - PUBLICATION, DISTRIBUTION, ETC. | |
| Place of publication, distribution, etc. | Washington, D.C. : |
| Name of publisher, distributor, etc. | Smithsonian Institution, |
| Date of publication, distribution, etc. | 1980. |
| 490 1# - SERIES STATEMENT | |
| Series statement | Smithsonian contributions to botany ; |
| Volume/sequential designation | number 46 |
| 504 ## - BIBLIOGRAPHY, ETC. NOTE | |
| Bibliography, etc. note | Bibliography: 71. |
| 650 #0 - SUBJECT ADDED ENTRY--TOPICAL TERM | |
| Topical term or geographic name entry element | Ethnobotany -- Micronesia. |
| Geographic subdivision | Ethnobotany -- Micronesia. |
| Linkage | S71631.1 |
| 650 #0 - SUBJECT ADDED ENTRY--TOPICAL TERM | |
| Topical term or geographic name entry element | Botany -- Micronesia. |
| Geographic subdivision | Botany -- Micronesia. |
| Linkage | S71632.1 |
| 700 1# - ADDED ENTRY--PERSONAL NAME | |
| Personal name | Sachet, Marie-Helene. |
| Linkage | A99212.1 |
| 710 2# - ADDED ENTRY--CORPORATE NAME | |
| Corporate name or jurisdiction name as entry element | Smithsonian Institution. |
| Linkage | A6981.1 |
| 830 #0 - SERIES ADDED ENTRY--UNIFORM TITLE | |
| Uniform title | Smithsonian contributions to botany ; |
| Volume/sequential designation | no. 46. |
| Linkage | S1367.1 |
| 949 ## - LOCAL PROCESSING INFORMATION (OCLC) | |
| a | QK1 |
| w | lcc |
| i | 33729000209960 |
| m | MAIN |
| p | 2500 |
| t | BOOK |
| l | ON-SHELF |
No items available.